[Event "Online Olym Div3 B"]
[Site "Chess.com INT"]
[Date "2021.08.29"]
[Round "7.3"]
[White "Gosrani, Naiya"]
[Black "Tala, Alnasser"]
[Result "1/2-1/2"]
[WhiteElo "1331"]
[BlackElo "1431"]
[PlyCount "126"]
[EventDate "2021.08.27"]
[EventType "team-tourn (rapid)"]
[EventRounds "9"]
[EventCountry "USA"]
[SourceTitle "CBM 204 Extra"]
[Source "ChessBase"]
[SourceDate "2021.11.30"]
[SourceVersion "1"]
[SourceVersionDate "2021.11.30"]
[SourceQuality "1"]
[WhiteTeam "Kenya"]
[BlackTeam "Jordan"]
[WhiteTeamCountry "KEN"]
[BlackTeamCountry "JOR"]

1. e4 c5 2. Nf3 Nc6 3. d4 cxd4 4. Nxd4 g6 5. Nc3 Bg7 6. Be3 d6 7. f3 a6 8. a3 Nf6 9. Bc4 e6 10. Qd2 Qc7 11. Nxc6 bxc6 12. Bh6 0-0 13. h4 d5 14. exd5 exd5 15. Be2 Qg3+ 16. Kd1 Qxg2 17. Rf1 Bf5 18. Bxg7 Kxg7 19. Bd3 Qxd2+ 20. Kxd2 Bxd3 21. Kxd3 c5 22. Rae1 Rfe8 23. Re2 Rxe2 24. Nxe2 Nh5 25. Rg1 h6 26. Rg4 Kf6 27. Nf4 Nxf4+ 28. Rxf4+ Kg7 29. Ra4 Kf6 30. Ra5 c4+ 31. Kd4 Rb8 32. Rxa6+ Kf5 33. Kxd5 Rxb2 34. c3 Rh2 35. Ra7 f6 36. Kxc4 Rxh4+ 37. Kd3 Rh1 38. a4 Ke5 39. a5 Kd5 40. a6 Ra1 41. Ra8 Kc6 42. a7 Kb7 43. Rf8 f5 44. Rf6 Rxa7 45. Rxg6 h5 46. Rh6 Ra8 47. Rxh5 Rd8+ 48. Ke3 Rc8 49. Rxf5 Rxc3+ 50. Kf4 Kc7 51. Kg5 Kd7 52. f4 Ke7 53. Re5+ Kf7 54. Kf5 Rf3 55. Kg4 Rf1 56. f5 Rg1+ 57. Kf4 Rf1+ 58. Ke4 Re1+ 59. Kd5 Rd1+ 60. Kc4 Kf6 61. Rc5 Rc1+ 62. Kd5 Rxc5+ 63. Kxc5 Kxf5 1/2-1/2

[Event "Online Olym Div3 B"]
[Site "Chess.com INT"]
[Date "2021.08.27"]
[Round "2.1"]
[White "Tala, Alnasser"]
[Black "Murad, Fatema Alzahraa"]
[Result "1-0"]
[WhiteElo "1431"]
[BlackElo "1872"]
[PlyCount "33"]
[EventDate "2021.08.27"]
[EventType "team-tourn (rapid)"]
[EventRounds "9"]
[EventCountry "USA"]
[SourceTitle "CBM 204 Extra"]
[Source "ChessBase"]
[SourceDate "2021.11.30"]
[SourceVersion "1"]
[SourceVersionDate "2021.11.30"]
[SourceQuality "1"]
[WhiteTeam "Jordan"]
[BlackTeam "Syria"]
[WhiteTeamCountry "JOR"]
[BlackTeamCountry "SYR"]

1. d4 d5 2. e3 Nf6 3. Nf3 Bd7 4. Bd3 Bg4 5. Nbd2 e6 6. a3 a6 7. b3 c5 8. Bb2 Nc6 9. h3 Bh5 10. g4 Bg6 11. Ne5 cxd4 12. exd4 Bxd3 13. cxd3 Qc7 14. Rc1 Bd6 15. f4 Nd7 16. g5 0-0 17. h4 1-0

[Event "Online Olym Div2 C"]
[Site "Chess.com INT"]
[Date "2020.08.16"]
[Round "7.6"]
[White "Tala, Alnasser"]
[Black "Pool, Linda Maria"]
[Result "1-0"]
[WhiteElo "1431"]
[BlackElo "1178"]
[PlyCount "187"]
[EventDate "2020.08.14"]
[EventType "team-tourn (rapid)"]
[EventRounds "9"]
[EventCountry "USA"]
[SourceTitle "CBM 198"]
[Source "ChessBase"]
[SourceDate "2020.10.31"]
[SourceVersion "1"]
[SourceVersionDate "2020.10.31"]
[SourceQuality "1"]
[WhiteTeam "Jordan"]
[BlackTeam "Estonia"]
[WhiteTeamCountry "JOR"]
[BlackTeamCountry "EST"]

1. d4 Nf6 2. Nf3 g6 3. Bg5 Bg7 4. e3 0-0 5. Bd3 d6 6. c3 Nbd7 7. Nbd2 a5 8. Rc1 c5 9. Bb1 Ne8 10. Qc2 f5 11. h4 Nef6 12. Ke2 b6 13. Rcg1 Ba6+ 14. Ke1 Bb7 15. Rh3 Rf7 16. a3 Bd5 17. Rgh1 Rc8 18. Qa4 cxd4 19. exd4 Ra8 20. c4 Bb7 21. Qb3 Bc6 22. Qe3 Bb7 23. Bh6 Rc8 24. Bxg7 Rxg7 25. d5 Kf8 26. Ng5 Kg8 27. Ne6 Qe8 28. Nxg7 Kxg7 29. h5 Nxh5 30. Rxh5 gxh5 31. Bxf5 Rc7 32. Qg5+ Kh8 33. Rxh5 Qf7 34. Rxh7+ Qxh7 35. Bxh7 Kxh7 36. Qh4+ Kg8 37. Nf3 Ne5 38. Nxe5 dxe5 39. Qg4+ Kf8 40. Qf5+ Ke8 41. Qxe5 Rd7 42. Qb8+ Kf7 43. Qf4+ Ke8 44. g4 Rd6 45. g5 Kd7 46. Qf5+ Ke8 47. Qe5 Kf7 48. f4 Bc8 49. f5 Bd7 50. g6+ Kf8 51. g7+ Kg8 52. Kf2 Kf7 53. Kf3 Bc8 54. Kg4 Bb7 55. Kg5 Bc8 56. Kf4 Bb7 57. Ke4 Bc8 58. Kd4 Bb7 59. Kc3 Bc8 60. Kb3 Ba6 61. Kc3 Bc8 62. b4 axb4+ 63. axb4 Ba6 64. c5 bxc5 65. bxc5 Rf6 66. Kb4 Bc8 67. c6 Bxf5 68. Kc5 Bc8 69. Qh5+ Kxg7 70. Qg5+ Kf7 71. Qh5+ Kg7 72. Qe5 Kf7 73. Kb6 Rd6 74. Kc7 Rf6 75. Kxc8 Ke8 76. Qh5+ Kf8 77. c7 Rd6 78. Qf5+ Rf6 79. Qd7 Rd6 80. Qxd6 exd6 81. Kd7 Kf7 82. c8Q Kf6 83. Qe8 Kf5 84. Qe7 Kf4 85. Qxd6+ Kf5 86. Qe6+ Kf4 87. Kc6 Kg5 88. d6 Kf4 89. d7 Kg5 90. d8Q+ Kf4 91. Qf8+ Kg5 92. Qee7+ Kg6 93. Qeg7+ Kh5 94. Qfh8# 1-0